00262nam a2200109Ia 4500008004100000041000800041082001200049100001900061245002500080260002800105300001900133240719s9999 xx 000 0 und d aeng a828 BRE aBrearley, Mike aThe Art Of Captaincy aLondonbPan Booksc1985 a386 P.; 20 Cm.